Reglamento interior de la Real Academía de Ciencias morales y políticas (Record no. 183731)

MARC details
000 -LEADER
campo de control de longitud fija 00563nam a2200145 i 4500
001 - NÚMERO DE CONTROL
campo de control 183731
003 - IDENTIFICADOR DE NÚMERO DE CONTROL
campo de control ES-MaACL
005 - FECHA Y HORA DE LA ÚLTIMA TRANSACCIÓN
campo de control 20230906221948.0
008 - DATOS DE LONGITUD FIJA--INFORMACIÓN GENERAL
campo de control de longitud fija 200929s1885 sp |||| | spa d
110 2# - ENTRADA PRINCIPAL--NOMBRE DE ENTIDAD CORPORATIVA
Nombre de entidad corporativa o nombre de jurisdicción como elemento de entrada Real Academia de Ciencias Morales y Políticas (España)
9 (RLIN) 6299
245 10 - MENCIÓN DEL TÍTULO
Título Reglamento interior de la Real Academía de Ciencias morales y políticas
Resto del título : formado en virtud de lo prevenido en el artº 50 de sus Estatutos.
260 ## - PUBLICACIÓN, DISTRIBUCIÓN, ETC.
Lugar de publicación, distribución, etc. Madrid :
Nombre del editor, distribuidor, etc. [s.n.],
Fecha de publicación, distribución, etc. 1885 (
Fabricante Tipografía de los Huérfanos)
300 ## - DESCRIPCIÓN FÍSICA
Extensión 73 p. ;
Dimensiones 18 cm.
852 ## - LOCALIZACIÓN
Ubicación ES-MaACL
Número de control de estantería T-412-F-5
Holdings
Estatus retirado Estado de pérdida Estado de daño No para préstamo Colección Biblioteca de origen Biblioteca actual Ubicación en estantería Fecha de adquisición Fuente de adquisición Total de préstamos Signatura topográfica completa Código de barras Visto por última vez Precio de reemplazo Tipo de ítem Koha
        Colección de folletos Biblioteca del Ateneo de Madrid Biblioteca del Ateneo de Madrid Depósito folletos 03/06/2005     T-412-F-5 1202074 23/02/2023 23/02/2023 Folleto